[Event "26. Schweinfurt Open"]
[Site "Schweinfurt"]
[Date "2016.05.28"]
[Round "4.19"]
[White "Beyersdorf, Gunter"]
[Black "Engelbrecht, Klaus"]
[Result "1-0"]
[WhiteElo "1797"]
[BlackElo "1646"]
[PlyCount "59"]
[EventDate "2016.??.??"]
[WhiteTeam "SC Bad Königshofen"]
[BlackTeam "SK Bad Neustadt"]

1. d4 b6 2. c4 e6 3. Nc3 d5 4. Nf3 Bb7 5. cxd5 exd5 6. Qb3 Nf6 7. Bg5 Be7 8. e3
O-O 9. Rc1 c6 10. Bd3 h6 11. Bxf6 Bxf6 12. O-O Ba6 13. Rfd1 Bxd3 14. Rxd3 Nd7
15. Ne2 g5 16. Rxc6 g4 17. Nd2 Nb8 18. Rc1 Bg5 19. Nc3 Nc6 20. Nxd5 Nxd4 21.
Rxd4 Rc8 22. Nc3 Qe7 23. Rxg4 Kh8 24. Re4 Qc7 25. Rc4 Qd7 26. Nce4 Rce8 27. Rc7
Qf5 28. Nd6 Qe5 29. Nxf7+ Rxf7 30. Qxf7 1-0

[Event "26. Schweinfurt Open"]
[Site "Schweinfurt"]
[Date "2016.05.28"]
[Round "4.20"]
[White "Wenkheimer, Rolf"]
[Black "Völker, Joachim"]
[Result "1-0"]
[WhiteElo "1637"]
[BlackElo "1777"]
[PlyCount "77"]
[EventDate "2016.??.??"]
[WhiteTeam "SC Kitzingen"]
[BlackTeam "SK Schweinfurt"]

1. e4 e6 2. d4 d5 3. exd5 exd5 4. Nc3 c6 5. Bd3 Bd6 6. h3 Ne7 7. Nf3 Bf5 8. Bg5
f6 9. Be3 Qd7 10. Ne2 Na6 11. c3 Nc7 12. Qc2 Bxd3 13. Qxd3 Ne6 14. g3 Nf8 15.
Nh4 Nfg6 16. Ng2 O-O-O 17. O-O-O Rde8 18. f4 Nf5 19. Bf2 Bc7 20. c4 Nd6 21.
cxd5 cxd5 22. Nc3 Ne4 23. Rhf1 Nxc3 24. Qxc3 Re6 25. Kb1 Rc6 26. Qf3 Ba5 27.
Rc1 Re8 28. Ne3 Bd2 29. Rxc6+ bxc6 30. g4 Qe7 31. Nf5 Qd7 32. Bg3 Nf8 33. Qd3
g6 34. Qa6+ Kb8 35. Nh4 f5 36. Qd3 Re3 37. Qxd2 Rxg3 38. Qb4+ Kc7 39. Qxf8 1-0

[Event "26. Schweinfurt Open"]
[Site "Schweinfurt"]
[Date "2016.05.28"]
[Round "4.21"]
[White "Millgramm, Stephan"]
[Black "Wiemann, Daniel"]
[Result "0-1"]
[WhiteElo "1774"]
[BlackElo "1533"]
[PlyCount "78"]
[EventDate "2016.??.??"]
[WhiteTeam "Flensburger SK"]
[BlackTeam "SV Seubelsdorf"]

1. e4 e6 2. d4 d5 3. exd5 exd5 4. Bd3 Nc6 5. c3 Bd6 6. Nf3 Bg4 7. h3 Bh5 8. O-O
Nge7 9. Bg5 f6 10. Bh4 Qd7 11. b4 O-O 12. Bg3 Bxg3 13. fxg3 Rfe8 14. Qc2 Bg6
15. Nh4 Bxd3 16. Qxd3 a5 17. b5 Na7 18. a4 c6 19. Na3 cxb5 20. axb5 b6 21. Nf5
Nac8 22. Rae1 Nd6 23. Nxd6 Qxd6 24. Nc2 Rac8 25. Re3 Rc4 26. Rfe1 h6 27. Re6
Qc7 28. R1e3 Kf8 29. Ne1 Qa7 30. Nf3 a4 31. Nh4 Rcc8 32. Qh7 Kf7 33. Nf5 Nxf5
34. Qxf5 Qb7 35. g4 a3 36. h4 a2 37. Re1 Qa8 38. h5 a1=Q 39. Qg6+ Kg8 0-1

[Event "26. Schweinfurt Open"]
[Site "Schweinfurt"]
[Date "2016.05.28"]
[Round "4.22"]
[White "Grünewald, Elmar"]
[Black "Ley, Reinhard"]
[Result "0-1"]
[WhiteElo "1626"]
[BlackElo "1759"]
[PlyCount "66"]
[EventDate "2016.??.??"]
[WhiteTeam "SK Schweinfurt"]
[BlackTeam "SV Siershahn"]

1. e4 Nf6 2. Nc3 d5 3. exd5 Nxd5 4. Qf3 Nb4 5. Qe4 e6 6. Bb5+ c6 7. Ba4 Nd7 8.
a3 Nd5 9. Nxd5 cxd5 10. Bxd7+ Bxd7 11. Qe2 Bc5 12. Nf3 f6 13. d3 O-O 14. O-O a5
15. Be3 Bd6 16. Rfe1 e5 17. Rac1 Bg4 18. h3 Bh5 19. g4 Be8 20. Kh1 Bc6 21. d4
e4 22. Nd2 f5 23. gxf5 Qh4 24. Qg4 Qf6 25. Rg1 Rf7 26. Rg2 Qxf5 27. Rcg1 Qxg4
28. Rxg4 Bd7 29. Rg5 Be6 30. c4 dxc4 31. Nxe4 Be7 32. R5g3 Bd5 33. f3 Raf8 0-1

[Event "26. Schweinfurt Open"]
[Site "Schweinfurt"]
[Date "2016.05.28"]
[Round "4.23"]
[White "Hüttinger, Siegfried"]
[Black "Markwardt, Sven"]
[Result "0-1"]
[WhiteElo "1513"]
[BlackElo "1748"]
[PlyCount "92"]
[EventDate "2016.??.??"]
[WhiteTeam "SC KS Alzenau"]
[BlackTeam "SK Schweinfurt"]

1. d4 Nf6 2. c4 c5 3. Nf3 g6 4. Nc3 cxd4 5. Nxd4 Nc6 6. Bf4 d6 7. e3 Bg7 8. a3
O-O 9. Be2 a6 10. O-O Nxd4 11. exd4 d5 12. c5 b5 13. Bf3 Bf5 14. Re1 Re8 15.
Rc1 Be4 16. b4 Bxf3 17. Qxf3 e6 18. Bg5 h6 19. Bh4 g5 20. Bg3 Nd7 21. a4 Bxd4
22. axb5 Bxc3 23. Rxc3 axb5 24. c6 Nf6 25. c7 Qe7 26. Be5 Ne4 27. Rc5 f6 28.
Rxe4 fxe5 29. Re1 Rec8 30. Rec1 Rxc7 31. Rxc7 Qxc7 32. Qe3 Qd6 33. Qe1 e4 34.
g3 Qe5 35. Kg2 Kf7 36. Rc5 Ra2 37. Qe3 Qf6 38. Rc7+ Kg6 39. Rd7 g4 40. Qf4 Qxf4
41. gxf4 e3 42. Kg3 e2 43. Kxg4 e1=Q 44. Rd6 h5+ 45. Kh3 Qf1+ 46. Kh4 Qxf2+ 0-1

[Event "26. Schweinfurt Open"]
[Site "Schweinfurt"]
[Date "2016.05.28"]
[Round "4.24"]
[White "Klonov, Jakov"]
[Black "Hansen, Klaus Bjerre"]
[Result "0-1"]
[WhiteElo "1333"]
[BlackElo "1736"]
[PlyCount "138"]
[EventDate "2016.??.??"]
[WhiteTeam "SK München Südost"]
[BlackTeam "Skakforeningen Odysseus"]

1. e4 c5 2. c3 Nc6 3. d4 e6 4. Nf3 d5 5. Nbd2 Bd7 6. Bd3 c4 7. exd5 exd5 8. Be2
Be7 9. b3 b5 10. O-O Nf6 11. Re1 O-O 12. a4 a6 13. Ne5 Qc7 14. Nxd7 Qxd7 15.
Nf3 Ne4 16. Qc2 Bd6 17. Ng5 f5 18. f3 Nf6 19. Be3 f4 20. Bd2 h6 21. Nh3 g5 22.
Qg6+ Qg7 23. Qf5 Qf7 24. Bd1 Rfe8 25. Bc2 Bf8 26. Rxe8 Rxe8 27. axb5 axb5 28.
Ra6 Qe6 29. Qxe6+ Rxe6 30. Kf2 Nd8 31. Ra5 Rb6 32. Bc1 Kf7 33. Ra7+ Be7 34. Ba3
Nc6 35. Ra8 Bxa3 36. Rxa3 b4 37. cxb4 Nxd4 38. Bd1 Rxb4 39. bxc4 dxc4 40. Rc3
Nd5 41. Rc1 Ne3 42. Ng1 Nb3 43. Rb1 Ke6 44. Bxb3 Rxb3 45. Rc1 Kd5 46. Ne2 Kc5
47. g3 Nd5 48. Ke1 Rxf3 49. gxf4 Nxf4 50. Nxf4 Rxf4 51. Ke2 Kb4 52. Ke3 Rh4 53.
Rh1 Kb3 54. Kd2 c3+ 55. Kc1 Ra4 56. Kb1 c2+ 57. Kc1 Ra1+ 58. Kd2 Rxh1 59. Ke3
c1=Q+ 60. Kd3 Rxh2 61. Ke4 Qf4+ 62. Kd5 Rd2+ 63. Kc6 Qc4+ 64. Kb6 Rd6+ 65. Kb7
Qc6+ 66. Kb8 Qb6+ 67. Kc8 Rc6+ 68. Kd7 Qb7+ 69. Kd8 Rc8# 0-1

[Event "26. Schweinfurt Open"]
[Site "Schweinfurt"]
[Date "2016.05.28"]
[Round "4.25"]
[White "Wiemann, Vanessa"]
[Black "Tsiapouris, Alexander"]
[Result "1/2-1/2"]
[WhiteElo "1297"]
[BlackElo "1693"]
[PlyCount "53"]
[EventDate "2016.??.??"]
[WhiteTeam "SV Seubelsdorf"]
[BlackTeam "SC Tarrasch München"]

1. d4 e6 2. e4 d5 3. exd5 exd5 4. Bd3 Nc6 5. Nf3 Bg4 6. c3 Bd6 7. Be3 Qd7 8.
Nbd2 Nge7 9. Qc2 h6 10. h3 Bf5 11. Nh4 Bxd3 12. Qxd3 O-O-O 13. O-O-O g5 14.
Nhf3 f5 15. Nb3 Ng6 16. Rhe1 Nf4 17. Bxf4 Bxf4+ 18. Kb1 Qf7 19. Nc5 Bd6 20. Qb5
Bxc5 21. Qxc5 Kb8 22. Ne5 Nxe5 23. Rxe5 c6 24. Qb4 Rhe8 25. Rde1 Rxe5 26. Rxe5
Rd7 27. a3 1/2-1/2

[Event "26. Schweinfurt Open"]
[Site "Schweinfurt"]
[Date "2016.05.28"]
[Round "4.26"]
[White "Ornebjerg, Henrik"]
[Black "Maar, Felicitas"]
[Result "1-0"]
[WhiteElo "1666"]
[BlackElo "1497"]
[PlyCount "39"]
[EventDate "2016.??.??"]
[WhiteTeam "Skakforeningen Odysseus"]
[BlackTeam "SC Fuldatal"]

1. e4 e5 2. Nf3 Nc6 3. Bb5 Bc5 4. c3 a6 5. Ba4 d6 6. h3 h6 7. d4 Ba7 8. Be3 b5
9. Bc2 Nf6 10. O-O O-O 11. Re1 Re8 12. Nbd2 Bb7 13. Nf1 Ne7 14. Ng3 Ng6 15. Qd2
Qd7 16. Bxh6 gxh6 17. Qxh6 Ng4 18. hxg4 Qxg4 19. Nh5 Ne7 20. Nf6# 1-0

[Event "26. Schweinfurt Open"]
[Site "Schweinfurt"]
[Date "2016.05.28"]
[Round "4.27"]
[White "Chen, Jiwei"]
[Black "Lippianowski, Stefan"]
[Result "0-1"]
[WhiteElo "908"]
[BlackElo "1163"]
[PlyCount "130"]
[EventDate "2016.??.??"]
[WhiteTeam "SK Schweinfurt"]
[BlackTeam "SV Mattnetz Berlin"]

1. e4 e5 2. Nf3 Nc6 3. Bc4 Nf6 4. Nc3 Bc5 5. d3 h6 6. O-O d6 7. a3 Qe7 8. h3 a6
9. Bd2 Bd7 10. Ne2 O-O-O 11. b4 Bd4 12. Rb1 g5 13. Nh2 g4 14. h4 Nh5 15. g3 Ng7
16. a4 f5 17. b5 axb5 18. axb5 Na7 19. Nxd4 exd4 20. c3 fxe4 21. dxe4 Qxe4 22.
Re1 Qf5 23. cxd4 d5 24. Re5 Qf6 25. Nxg4 Bxg4 26. Qxg4+ Kb8 27. Bxd5 Rhf8 28.
Be4 Nc8 29. Bf3 h5 30. Qe4 Nd6 31. Qc2 Qxf3 32. Re7 Nge8 33. b6 Qc6 34. bxc7+
Nxc7 35. Qa2 Nf5 36. Bg5 Rxd4 37. Rc1 Qd6 38. Rexc7 Rd3 39. Rxb7+ Kxb7 40. Qb2+
Qb6 41. Qe5 Rxg3+ 42. Kf1 Qa6+ 43. Qe2 Rh3 44. Rb1+ Ka7 45. Rb5 Ng3+ 46. Kg2
Nxe2 47. Be3+ Ka8 48. Rb6 Qa4 49. Kxh3 Rf3+ 50. Kg2 Qe4 51. Rg6 Rf6+ 52. Kf1
Rxg6 53. Kxe2 Qxh4 54. Kd2 Qg4 55. Ke1 h4 56. f4 Qg3+ 57. Kf1 h3 58. Bf2 Qxf4
59. Ke1 h2 60. Ke2 h1=Q 61. Be3 Qff3+ 62. Kd3 Rd6+ 63. Kc4 Qxe3 64. Kb5 Rb6+
65. Kc4 Qhe4# 0-1

[Event "26. Schweinfurt Open"]
[Site "Schweinfurt"]
[Date "2016.05.28"]
[Round "4.28"]
[White "Heller, Thomas"]
[Black "Aigner, Patrick"]
[Result "1-0"]
[WhiteElo "1828"]
[BlackElo "1305"]
[PlyCount "99"]
[EventDate "2016.??.??"]
[WhiteTeam "SV Bergtheim"]
[BlackTeam "Coburger SV"]

1. c4 c5 2. g3 g6 3. Nf3 Nf6 4. Bg2 Bg7 5. Nc3 Nc6 6. O-O O-O 7. b3 d5 8. cxd5
Nxd5 9. Bb2 Be6 10. Na4 Bxb2 11. Nxb2 Qc7 12. Ng5 Rad8 13. Nxe6 fxe6 14. Nd3 b6
15. Rc1 Nf6 16. b4 Nd5 17. bxc5 b5 18. Bxd5 exd5 19. Nf4 Rf6 20. e3 Qa5 21. Qb3
e6 22. Qc3 Qxc3 23. Rxc3 b4 24. Rc2 a5 25. d4 a4 26. Rb1 a3 27. Nd3 Rb8 28. f4
Kg7 29. Rcc1 Kh6 30. Rb3 Rf7 31. Ne5 Nxe5 32. dxe5 Rc7 33. Kf2 Rc6 34. Kf3 Kh5
35. h4 Rb5 36. g4+ Kh6 37. Rcb1 Rcxc5 38. Rxb4 Rxb4 39. Rxb4 Rc2 40. Rb6 Rxa2
41. Rxe6 Kg7 42. Ra6 Ra1 43. Ra7+ Kg8 44. f5 Rf1+ 45. Ke2 Ra1 46. f6 Ra2+ 47.
Kf3 Rh2 48. e6 Rh3+ 49. Kg2 Rxe3 50. Ra8# 1-0

[Event "26. Schweinfurt Open"]
[Site "Schweinfurt"]
[Date "2016.05.28"]
[Round "4.30"]
[White "Klonov, Sofia"]
[Black "Glok, David"]
[Result "0-1"]
[WhiteElo "866"]
[BlackElo "915"]
[PlyCount "52"]
[EventDate "2016.??.??"]
[WhiteTeam "SK München Südost"]
[BlackTeam "SK München Südost"]

1. e4 b6 2. Nc3 e5 3. Nf3 Nc6 4. Bb5 Nd4 5. Nxd4 exd4 6. Nd5 Bb7 7. c4 Bxd5 8.
cxd5 c6 9. Bc4 Bc5 10. d3 b5 11. Bb3 a5 12. a3 a4 13. Ba2 Qf6 14. O-O g5 15. b4
Bd6 16. Re1 Qh6 17. Bb2 Qxh2+ 18. Kf1 Qh1+ 19. Ke2 Qxg2 20. Bxd4 f6 21. dxc6
dxc6 22. Bxg8 Rxg8 23. Rg1 Qh3 24. Rh1 Qg4+ 25. f3 Qg2+ 26. Ke3 Bf4# 0-1

[Event "26. Schweinfurt Open"]
[Site "Schweinfurt"]
[Date "2016.05.28"]
[Round "5.1"]
[White "Ciolek, Andreas"]
[Black "Becker, Matthias"]
[Result "0-1"]
[WhiteElo "2102"]
[BlackElo "2266"]
[PlyCount "42"]
[EventDate "2016.??.??"]
[WhiteTeam "SK Singen"]
[BlackTeam "BG Buchen"]

1. e4 g6 2. d4 Bg7 3. c4 d6 4. Nc3 e5 5. Be3 exd4 6. Bxd4 Nf6 7. f3 O-O 8. Qd2
Be6 9. O-O-O Nc6 10. Be3 Ne5 11. Nd5 Nfd7 12. h4 c6 13. b3 Nc5 14. Nc3 Qa5 15.
Nb1 Qa6 16. Qxd6 Qxa2 17. Qxc5 Nxc4 18. Bd4 Bh6+ 19. Nd2 Bxd2+ 20. Rxd2 Qxd2+
21. Kb1 b6 0-1

[Event "26. Schweinfurt Open"]
[Site "Schweinfurt"]
[Date "2016.05.28"]
[Round "5.2"]
[White "Kilian, Markus"]
[Black "Poulsen, Klaus E"]
[Result "0-1"]
[WhiteElo "1954"]
[BlackElo "2068"]
[PlyCount "64"]
[EventDate "2016.??.??"]
[WhiteTeam "SV Würzburg"]
[BlackTeam "Skakforeningen Odysseus"]

1. d4 Nf6 2. c4 e5 3. dxe5 Ne4 4. a3 Nc6 5. Nf3 d6 6. Qc2 Bf5 7. Nc3 Ng3 8. e4
Nxh1 9. exf5 dxe5 10. Be3 f6 11. Rd1 Qe7 12. Be2 Rd8 13. Nh4 Rxd1+ 14. Qxd1 Qd7
15. Bd3 Kd8 16. Nd5 Nd4 17. Bxd4 exd4 18. Nf4 c5 19. Qh5 Bd6 20. Ne6+ Kc8 21.
Ng6 Qe8 22. Ngf4 Bxf4 23. Qf3 Bd6 24. Kf1 g6 25. b4 cxb4 26. c5 Be5 27. Ba6 Qe7
28. c6 bxa6 29. c7 Kd7 30. Qd5+ Qd6 31. Nc5+ Ke7 32. c8=N+ Rxc8 0-1

[Event "26. Schweinfurt Open"]
[Site "Schweinfurt"]
[Date "2016.05.28"]
[Round "5.4"]
[White "Seidens, Udo"]
[Black "Boß, Rolf"]
[Result "1-0"]
[WhiteElo "2245"]
[BlackElo "2015"]
[PlyCount "81"]
[EventDate "2016.??.??"]
[WhiteTeam "SK Schweinfurt"]
[BlackTeam "(vls) Hof"]

1. c4 f5 2. Nc3 Nf6 3. g3 g6 4. Bg2 Bg7 5. Nf3 d6 6. O-O O-O 7. d3 e5 8. Rb1 a5
9. Bd2 h6 10. Ne1 Nc6 11. a3 Be6 12. Nd5 Qd7 13. b4 axb4 14. axb4 Rab8 15. b5
Ne7 16. Nxf6+ Rxf6 17. f4 exf4 18. gxf4 Rff8 19. Qc1 d5 20. Nf3 dxc4 21. dxc4
c5 22. Bc3 Bxc3 23. Qxc3 Rfd8 24. Rfd1 Qe8 25. Ne5 b6 26. Ra1 Rxd1+ 27. Rxd1
Rd8 28. Ra1 Qf8 29. Ra7 Qf6 30. Qg3 g5 31. Rb7 Rd4 32. e3 Rd1+ 33. Bf1 g4 34.
Rxb6 h5 35. Qg2 h4 36. Qa8+ Kg7 37. Qa6 Qxe5 38. fxe5 Bxc4 39. Rb7 Rxf1+ 40.
Kg2 h3+ 41. Kg3 1-0

[Event "26. Schweinfurt Open"]
[Site "Schweinfurt"]
[Date "2016.05.28"]
[Round "5.5"]
[White "Amtmann, Florian"]
[Black "Diller, Peter"]
[Result "0-1"]
[WhiteElo "2170"]
[BlackElo "1990"]
[PlyCount "68"]
[EventDate "2016.??.??"]
[WhiteTeam "Spvgg Stetten"]
[BlackTeam "SK Rothenburg"]

1. e4 e6 2. d4 d5 3. e5 c5 4. c3 Nc6 5. Nf3 Qc7 6. a3 f6 7. Bf4 cxd4 8. cxd4
fxe5 9. dxe5 Bc5 10. b4 Bb6 11. Bd3 Nge7 12. O-O O-O 13. g3 Nf5 14. Nc3 h6 15.
h4 Qf7 16. Nb5 Nxg3 17. Bxg3 Qxf3 18. Kh2 a6 19. Be2 Qf7 20. Nd6 Qe7 21. Bd3
Bd4 22. Nxc8 Raxc8 23. Ra2 Bxe5 24. Qg4 Bxg3+ 25. Qxg3 e5 26. Be2 Rf4 27. Bg4
Rcf8 28. Rg1 Nd4 29. Kg2 Nf5 30. Bxf5 R8xf5 31. Rh1 h5 32. Qb3 Qf7 33. Qe3 d4
34. Qe1 Qxa2 0-1

[Event "26. Schweinfurt Open"]
[Site "Schweinfurt"]
[Date "2016.05.28"]
[Round "5.6"]
[White "Pototzky, Daniel"]
[Black "Helm, Timo"]
[Result "1/2-1/2"]
[WhiteElo "2137"]
[BlackElo "1969"]
[PlyCount "121"]
[EventDate "2016.??.??"]
[WhiteTeam "SC Prichsenstadt"]
[BlackTeam "SC Bad Königshofen"]

1. e4 e6 2. d4 d5 3. Nd2 Nf6 4. e5 Nfd7 5. Bd3 c5 6. c3 Nc6 7. Ne2 cxd4 8. cxd4
f6 9. exf6 Qxf6 10. Nf3 Bd6 11. Bg5 Qf7 12. O-O O-O 13. Bh4 h6 14. Bg3 Bxg3 15.
Nxg3 e5 16. dxe5 Ndxe5 17. Nxe5 Nxe5 18. Bc2 Bd7 19. Qd4 Rac8 20. Bb3 Nc4 21.
Rad1 Bc6 22. Rfe1 Rce8 23. f3 Rxe1+ 24. Rxe1 Qf6 25. Qxa7 Qxb2 26. Re2 Qc1+ 27.
Kf2 Qc3 28. Qc5 Qa5 29. Qxa5 Nxa5 30. Ke3 Nxb3 31. axb3 Ra8 32. Kd4 Ra3 33. Rb2
Kf7 34. Ke5 g6 35. Ne2 Ke7 36. f4 d4 37. g3 d3 38. Nc1 Ra1 39. Nxd3 Rd1 40. Nb4
Bh1 41. Re2 Rd6 42. Re3 Bg2 43. f5 gxf5 44. Kxf5+ Kf7 45. g4 Rb6 46. Nc2 Bc6
47. h4 Bd7+ 48. Kf4 Rc6 49. Nd4 Rc1 50. Rg3 Rd1 51. Ke5 Rh1 52. h5 Re1+ 53. Kd6
Re4 54. Kxd7 Rxd4+ 55. Kc7 Rb4 56. Kd6 Kf6 57. Kc5 Rf4 58. b4 b6+ 59. Kb5 Kg5
60. Rg1 Re4 61. Rg2 1/2-1/2

[Event "26. Schweinfurt Open"]
[Site "Schweinfurt"]
[Date "2016.05.28"]
[Round "5.7"]
[White "Froitzheim, Ralf"]
[Black "Kuhn, Norbert"]
[Result "1/2-1/2"]
[WhiteElo "1873"]
[BlackElo "2119"]
[PlyCount "47"]
[EventDate "2016.??.??"]
[WhiteTeam "SG Niederkassel"]
[BlackTeam "SV Würzburg"]

1. c4 e6 2. g3 d5 3. Bg2 c6 4. Nf3 Nf6 5. O-O Bd6 6. d4 O-O 7. b3 b6 8. Bb2
Nbd7 9. Nbd2 Qe7 10. Ne5 Bb7 11. Rc1 Rfc8 12. Rc2 a5 13. a4 Rc7 14. Qa1 Bb4 15.
Ndf3 dxc4 16. bxc4 Nxe5 17. Nxe5 Rac8 18. Nd3 c5 19. Bxb7 Rxb7 20. dxc5 Bxc5
21. Nxc5 bxc5 22. Bc3 Ra8 23. Rb2 Ne8 24. Rfb1 1/2-1/2

[Event "26. Schweinfurt Open"]
[Site "Schweinfurt"]
[Date "2016.05.28"]
[Round "5.8"]
[White "Engesser, Jonas"]
[Black "Krenz, Dieter"]
[Result "1-0"]
[WhiteElo "2060"]
[BlackElo "1934"]
[PlyCount "37"]
[EventDate "2016.??.??"]
[WhiteTeam "SK Engen"]
[BlackTeam "SC Prichsenstadt"]

1. e4 Nf6 2. e5 Nd5 3. Nc3 Nxc3 4. dxc3 Nc6 5. Nf3 g6 6. Bc4 Bg7 7. Bf4 O-O 8.
Qe2 d5 9. O-O-O e6 10. h4 Bd7 11. Bd3 Ne7 12. h5 c5 13. Qd2 Bc6 14. Bh6 Nf5 15.
Bxg7 Nxg7 16. Qh6 c4 17. hxg6 fxg6 18. Qxh7+ Kf7 19. Bxg6+ 1-0

[Event "26. Schweinfurt Open"]
[Site "Schweinfurt"]
[Date "2016.05.28"]
[Round "5.9"]
[White "FM Golda, Harald"]
[Black "Eichenauer, Pascal"]
[Result "1-0"]
[WhiteElo "2316"]
[BlackElo "1857"]
[PlyCount "43"]
[EventDate "2016.??.??"]
[WhiteTeam "SK Schweinfurt"]
[BlackTeam "SV Würzburg"]

1. d4 g6 2. Nf3 Nf6 3. g3 Bg7 4. Bg2 O-O 5. O-O d6 6. c4 c5 7. Nc3 Bd7 8. dxc5
dxc5 9. Ne5 Bc8 10. Qxd8 Rxd8 11. Be3 Nbd7 12. Rad1 Re8 13. Nxd7 Nxd7 14. Bxb7
Bxb7 15. Rxd7 Bxc3 16. Rxb7 Bd4 17. Rd1 e5 18. Bh6 Reb8 19. Rxb8+ Rxb8 20. b3
f6 21. e3 Bc3 22. Rd7 1-0

[Event "26. Schweinfurt Open"]
[Site "Schweinfurt"]
[Date "2016.05.28"]
[Round "5.10"]
[White "Gould, Charles"]
[Black "Neubauer, Jaro"]
[Result "1-0"]
[WhiteElo "1974"]
[BlackElo "1986"]
[PlyCount "135"]
[EventDate "2016.??.??"]
[WhiteTeam "SV Würzburg"]
[BlackTeam "SK Schweinfurt"]

1. f4 e5 2. fxe5 d6 3. exd6 Bxd6 4. Nf3 Nf6 5. g3 Bg4 6. d4 c6 7. Bg2 Nbd7 8.
Nc3 O-O 9. Bg5 Qa5 10. Bxf6 Nxf6 11. O-O Rfe8 12. Qd2 Bb4 13. Ne5 c5 14. Nxg4
Nxg4 15. a3 Bxc3 16. Qxc3 Qxc3 17. bxc3 Ne3 18. Rf2 cxd4 19. cxd4 Rac8 20. Bxb7
Rxc2 21. Ba6 g6 22. Rf3 f5 23. h3 Kg7 24. Kf2 Nd5 25. Bd3 Rb2 26. Rc1 Re7 27.
Rc5 Nf6 28. Rc2 Rxc2 29. Bxc2 Rc7 30. Bd3 Rc3 31. Bb1 Rc7 32. Rb3 Nd5 33. Bd3
Nb6 34. Bb5 Kf6 35. a4 Ke7 36. a5 Nd5 37. Bd3 Kd6 38. a6 Nb6 39. e4 fxe4 40.
Bxe4 Re7 41. Bb7 Kc7 42. Rc3+ Kb8 43. Kf3 h6 44. Rc6 Rg7 45. d5 h5 46. Ke4 Re7+
47. Kd4 g5 48. Rg6 Re1 49. Rxg5 Nd7 50. Rxh5 Rd1+ 51. Ke3 Kc7 52. g4 Re1+ 53.
Kf2 Ra1 54. Rh7 Kd6 55. h4 Ne5 56. g5 Ra3 57. g6 Ng4+ 58. Ke2 Re3+ 59. Kd2 Re8
60. Bc6 Rg8 61. h5 Ke5 62. Rxa7 Kd4 63. Rf7 Ne5 64. Rf4+ Kc5 65. a7 Nxc6 66.
dxc6 Kxc6 67. h6 Rxg6 68. a8=Q+ 1-0

[Event "26. Schweinfurt Open"]
[Site "Schweinfurt"]
[Date "2016.05.28"]
[Round "5.11"]
[White "Maar, Samuel"]
[Black "Meyer, Thorlejf"]
[Result "1-0"]
[WhiteElo "1910"]
[BlackElo "1839"]
[PlyCount "47"]
[EventDate "2016.??.??"]
[WhiteTeam "SC Kaufungen"]
[BlackTeam "Skakforeningen Odysseus"]

1. e4 c5 2. Nf3 Nc6 3. d4 cxd4 4. Nxd4 e6 5. Bf4 Bc5 6. Nb3 Be7 7. Nc3 e5 8.
Be3 Nf6 9. Bc4 O-O 10. O-O a6 11. Nd5 Nxd5 12. exd5 b5 13. Be2 Na7 14. d6 Bf6
15. Bf3 Nc6 16. Nc5 Rb8 17. c3 b4 18. Qa4 bxc3 19. bxc3 e4 20. Bxe4 Bxc3 21.
Rab1 Be5 22. Bxc6 Rxb1 23. Rxb1 dxc6 24. d7 1-0

[Event "26. Schweinfurt Open"]
[Site "Schweinfurt"]
[Date "2016.05.28"]
[Round "5.12"]
[White "Wiener, Horst"]
[Black "Tsiapouris, Michael"]
[Result "1-0"]
[WhiteElo "1927"]
[BlackElo "1911"]
[PlyCount "75"]
[EventDate "2016.??.??"]
[WhiteTeam "SK Schweinfurt"]
[BlackTeam "SC Tarrasch München"]

1. e4 e6 2. d4 d5 3. Nd2 Nf6 4. e5 Nfd7 5. f4 c5 6. c3 Nc6 7. Ngf3 cxd4 8. cxd4
f5 9. a3 a5 10. Bb5 Qb6 11. Qa4 Qc7 12. O-O Nb6 13. Qc2 Bd7 14. Nb3 Rc8 15. Qd3
Na7 16. Bxd7+ Nxd7 17. Be3 Be7 18. Rac1 Qb6 19. Rxc8+ Nxc8 20. Qc3 O-O 21. Nxa5
Na7 22. b4 Nb5 23. Qb2 Rc8 24. Rc1 Rxc1+ 25. Qxc1 Nc7 26. Nb3 h6 27. h4 Kf7 28.
h5 Bf8 29. Nh4 Be7 30. Ng6 Nf8 31. Nxe7 Kxe7 32. Qc5+ Qxc5 33. dxc5 Nb5 34. a4
Nc3 35. a5 Kd7 36. Nd4 Ke7 37. c6 bxc6 38. a6 1-0

[Event "26. Schweinfurt Open"]
[Site "Schweinfurt"]
[Date "2016.05.28"]
[Round "5.13"]
[White "Langguth, Rolf"]
[Black "Beyersdorf, Gunter"]
[Result "1-0"]
[WhiteElo "1921"]
[BlackElo "1797"]
[PlyCount "145"]
[EventDate "2016.??.??"]
[WhiteTeam "SK Schweinfurt"]
[BlackTeam "SC Bad Königshofen"]

1. d4 Nf6 2. g3 d5 3. Bg2 e6 4. Nf3 Nbd7 5. O-O Be7 6. c3 O-O 7. Nbd2 c5 8. Re1
b5 9. e4 dxe4 10. Ng5 Qb6 11. Ndxe4 Bb7 12. dxc5 Nxc5 13. Be3 Nd5 14. Bxc5 Bxc5
15. Nxc5 Qxc5 16. Be4 h6 17. Nh3 Rad8 18. Qe2 Rd7 19. Rad1 Rfd8 20. Rd3 Qb6 21.
Red1 Bc6 22. Kh1 b4 23. c4 Nf6 24. Bxc6 Qxc6+ 25. Kg1 Qxc4 26. Rxd7 Qxe2 27.
Rxd8+ Kh7 28. R8d2 Qg4 29. Kg2 Qe4+ 30. f3 Qc4 31. Rd4 Qc5 32. R1d2 Nd5 33. b3
Ne3+ 34. Kh1 Qh5 35. Ng1 Nf1 36. Rg2 a5 37. Re4 Qd5 38. Ree2 Qd4 39. Rgf2 Ne3
40. Rd2 Qc5 41. Rde2 g5 42. h3 Kg7 43. Re1 f5 44. Rfe2 f4 45. g4 Kf6 46. Kh2 e5
47. Kh1 Qd5 48. Rf2 e4 49. fxe4 Qxe4+ 50. Rf3 Ke5 51. Re2 Qc6 52. Kh2 Kd4 53.
Rff2 Qc1 54. Nf3+ Kc3 55. Re1 Qa3 56. Ree2 a4 57. bxa4 Qxa4 58. Nd2 Qc6 59. Nb3
Qe4 60. Nc5 Nf1+ 61. Kg1 Qd5 62. Na4+ Kd3 63. Nb2+ Kc3 64. Rxf1 f3 65. Rc1+ Kd4
66. Rd2+ Ke4 67. Re1+ Kf4 68. Rxd5 Kg3 69. Nd3 Kxh3 70. Kf2 Kxg4 71. Rg1+ Kh5
72. Ne5 Kh4 73. Rh1# 1-0

[Event "26. Schweinfurt Open"]
[Site "Schweinfurt"]
[Date "2016.05.28"]
[Round "5.14"]
[White "Ley, Reinhard"]
[Black "Schmidt, Markus"]
[Result "0-1"]
[WhiteElo "1759"]
[BlackElo "1901"]
[PlyCount "148"]
[EventDate "2016.??.??"]
[WhiteTeam "SV Siershahn"]
[BlackTeam "Stuttgarter SF"]

1. d4 Nf6 2. Nf3 g6 3. c4 Bg7 4. Nc3 d6 5. e4 O-O 6. h3 e5 7. d5 a5 8. Be3 Na6
9. Bd3 Nd7 10. Qd2 Ndc5 11. Bc2 f5 12. Bh6 Nb4 13. Bxg7 Nxc2+ 14. Qxc2 Kxg7 15.
Nd2 Qg5 16. g3 Bd7 17. h4 Qg4 18. Rg1 fxe4 19. Ncxe4 Bf5 20. f3 Bxe4 21. Qxe4
Qxe4+ 22. fxe4 Nd3+ 23. Ke2 Nb4 24. a3 Nc2 25. Raf1 Nd4+ 26. Ke3 a4 27. Rxf8
Kxf8 28. Rf1+ Ke7 29. Rf2 Ra6 30. Nf3 Nxf3 31. Kxf3 Rb6 32. Kg2 Rb3 33. Re2 Rd3
34. Kf2 Rd4 35. Ke3 Rxc4 36. h5 g5 37. Kf3 c6 38. dxc6 bxc6 39. Kg4 h6 40. Kf5
Kf7 41. Rd2 Rd4 42. Rc2 c5 43. Rc3 Rd1 44. b3 Rf1+ 45. Kg4 axb3 46. Rxb3 Ke6
47. Rb7 Rf7 48. Rb8 Kf6 49. Rg8 Ke7 50. Rg6 Rh7 51. Kf5 c4 52. Rg8 Rf7+ 53. Kg4
Kd7 54. Rb8 Kc6 55. Rb1 d5 56. exd5+ Kxd5 57. Rd1+ Kc5 58. Re1 Re7 59. Kf5 Kd4
60. Kf6 Re8 61. Kf7 Ra8 62. Kg6 Ra6+ 63. Kf5 Rxa3 64. g4 Rf3+ 65. Kg6 Rf4 66.
Kxh6 Rxg4 67. Kg6 c3 68. Kf5 Rg2 69. h6 c2 70. h7 Rh2 71. Kxg5 Rxh7 72. Rc1 Kc3
73. Re1 e4 74. Kf4 Kd2 0-1

[Event "26. Schweinfurt Open"]
[Site "Schweinfurt"]
[Date "2016.05.28"]
[Round "5.15"]
[White "Hohner, Karl-Heinz"]
[Black "Hansen, Klaus Bjerre"]
[Result "1-0"]
[WhiteElo "1883"]
[BlackElo "1736"]
[PlyCount "27"]
[EventDate "2016.??.??"]
[WhiteTeam "(vls) Kronach"]
[BlackTeam "Skakforeningen Odysseus"]

1. e4 c5 2. Nc3 d6 3. f4 Nc6 4. Nf3 g6 5. Bc4 Bg7 6. O-O Nf6 7. d3 O-O 8. Qe1
a6 9. Qh4 e6 10. Bb3 Qc7 11. f5 exf5 12. Bg5 Nh5 13. exf5 Kh8 14. f6 1-0